书目信息 |
| 题名: |
李·艾柯卡传
|
|
| 作者: | 杜艳艳 著 | |
| 分册: | ||
| 出版信息: | 长春 时代文艺出版社 2012.10 |
|
| 页数: | 179页 | |
| 开本: | 24cm | |
| 丛书名: | 世界商业名人传记丛书 | |
| 单 册: | ||
| 中图分类: | K837.125.38=6 | |
| 科图分类: | ||
| 主题词: | ||
| 电子资源: | ||
| ISBN: | 978-7-5387-4097-4 | |
| 000 | 00980oam2 2200277 450 | |
| 001 | 0000500019545 | |
| 005 | 20130504094013.25 | |
| 010 | @a978-7-5387-4097-4@dCNY20.00 | |
| 100 | @a20121128d2012 em y0chiy50 ea | |
| 101 | 0 | @achi |
| 102 | @aCN@b220000 | |
| 105 | @aaf z 000yb | |
| 106 | @ar | |
| 200 | 1 | @a李·艾柯卡传@9li · ai ke ka zhuan@dLee Iacocca@f杜艳艳著@zeng |
| 210 | @a长春@c时代文艺出版社@d2012.10 | |
| 215 | @a179页@c照片@d24cm | |
| 225 | 2 | @a世界商业名人传记丛书 |
| 330 | @a本书主要内容包括:父亲的启蒙教育;成长中的少年;福特情结;事业与爱情双丰收;汽车界的神话;乘胜追击;走向事业巅峰;君臣失和;人生的低谷;人生的一个转折点等。 | |
| 461 | 0 | @12001 @a世界商业名人传记丛书 |
| 510 | 1 | @aLee Iacocca@zeng |
| 600 | 0 | @a艾柯卡@c(Iacocca, Lee@f1924-)@x传记 |
| 600 | 0 | @a艾柯卡@c(Iacocca, Lee@f1924-) |
| 690 | @aK837.125.38=6@v5 | |
| 701 | 0 | @a杜艳艳@9du yan yan@4著 |
| 801 | 0 | @aCN@bRENTIAN@c20121128 |
| 905 | @b543098-102@dK837.125.38=6@e723DY@f5 | |
| 李·艾柯卡传=Lee Iacocca/杜艳艳著.-长春:时代文艺出版社,2012.10 |
| 179页:照片;24cm.-(世界商业名人传记丛书) |
| ISBN 978-7-5387-4097-4:CNY20.00 |
| 本书主要内容包括:父亲的启蒙教育;成长中的少年;福特情结;事业与爱情双丰收;汽车界的神话;乘胜追击;走向事业巅峰;君臣失和;人生的低谷;人生的一个转折点等。 |
| ● |
| 相关链接 |
|
|
|
|
正题名:李·艾柯卡传
索取号:K837.125.38=6/723DY
 
预约/预借
| 序号 | 登录号 | 条形码 | 馆藏地/架位号 | 状态 | 备注 |
| 1 | 543098 | 205430988 | 第二样本阅览室/ [索取号:K837.125.38=6/723DY] | 在馆 | |
| 2 | 543099 | 205430997 | 第二借阅区/ [索取号:K837.125.38=6/723DY] | 在馆 | |
| 3 | 543100 | 205431004 | 第二借阅区/ [索取号:K837.125.38=6/723DY] | 在馆 | |
| 4 | 543101 | 205431013 | 密集书库-史法系/ [索取号:K837.125.38=6/723DY] | 在馆 | |
| 5 | 543102 | 205431022 | 密集书库-史法系/ [索取号:K837.125.38=6/723DY] | 在馆 |